Normal view
MARC view
Entry Topical Term
001 - CONTROL NUMBER
- control field: 27941
003 - CONTROL NUMBER IDENTIFIER
- control field: AUA.1
005 - DATE AND TIME OF LATEST TRANSACTION
- control field: 20121025130232.0
008 - FIXED-LENGTH DATA ELEMENTS
- fixed length control field: 121025|||a|||||| | ||| d
040 ## - CATALOGING SOURCE
- Original cataloging agency: AUA.1
- Transcribing agency: AUA.1
150 ## - HEADING--TOPICAL TERM
- Topical term or geographic name as entry element: Pentecostals
670 ## - SOURCE DATA FOUND
- Source citation: Work cat.: (AUA.1): Kra Emmanuel K. 27939, The Attraction of the Seventh-Day adventist Members to Penticostal Charismatic Moventnts in abijan, Cote D'Ivoire